00234nam a2200073Ia 4500008004100000082001500041100002600056245007800082240331s9999 xx 000 0 und d a303.6bDIS aDissanayaka, T.D.S.A. 4aThe agony of Sri Lanka :ban in-depth account of the racial riots of 1983